| 000 | 00866nam a2200229 a 4500 | ||
|---|---|---|---|
| 001 | 54299 | ||
| 005 | 20180714045034.0 | ||
| 008 | 140415s2009 mx 000 0 spa d | ||
| 020 | _a9789701072790 | ||
| 041 | _aspa | ||
| 082 |
_a658 _bBAT |
||
| 100 | 1 | _aBATEMAN, THOMAS S. | |
| 245 | 1 | 0 |
_aADMINISTRACION : _bLIDERAZGO Y COLABORACION EN UN MUNDO COMPETITIVO |
| 250 | _a8ed. | ||
| 260 |
_aMEXICO : _bMCGRAW-HILL INTERAMERICANA EDITORES, _c2009 |
||
| 300 |
_a690 _c21 x 3.5 x 27 |
||
| 520 | _aES UN AMBIENTE DE NEGOCIOS CADA VEZ MAS COMPETITIVO, LOS AUTORES BATEMAN Y SNELL HAN IDENTIFICADO FACTORES QUE SON EL DESEMPEÑO DE LAS ORGANIZACIONES, TALES COMO: | ||
| 650 | 1 | 4 | _aADMINISTRACION |
| 700 | 1 |
_aPATERNA PATRUCCO, MONICA _etr. |
|
| 740 | _aMANAGEMENT LEADING. COLLABORATING IN THE COMPETITIVE WORLD | ||
| 700 | 1 |
_aSNELL, SCOTT A. _ecoaut. |
|
| 999 |
_c54299 _d54299 |
||